Teuerste Zugänge von Tottenham Hotspurs - Statistiken

Allgemein
  • Dieses Quiz wurde 26 mal gespielt
  • Das Durchschnittsergebnis liegt bei 6 aus 15
Antwortstatistiken
Hint Antwort % Korrekt
1 Dominic Solanke
71%
13 Dejan Kulusevski
67%
10 Micky Van de Ven
63%
5 Cristian Romero
58%
6 James Maddison
58%
9 Pedro Porro
50%
3 Richarlison
46%
2 Tanguy Ndombele
42%
4 Brennen Johnson
38%
8 Archie Gray
33%
11 Moussa Sissoko
29%
7 Davinson Sanchez
13%
12 Giovanni Lo Celso
13%
15 Roberto Soldado
8%
14 Steven Bergwijn
0%
Keine übereinstimmenden Quizze gefunden
Verteilung der Resultate
Anzahl Personen mit jedem Resultat
Perzentil nach korrekt beantworteten Fragen
Ihre Resultats-Entwicklung
Sie haben dieses Quiz noch nicht gespielt